00875 2200325 4500001002100000005001500021035002000036007000300056040001700059100002300076245005700099250001200156300003500168020002200203041000800225082001200233084001600245090001900261264003800280336002100318337003000339338002300369650001400392850001000406008004100416504002900457990002100486990002100507990002100528INLIS00000000000793620260529110322 a0010-0922000425ta aSBPUPADbind0 aPermadiePengarang1 aPemimpin Dan Kepemimpinan Dalam Manajemen /cPermadi a.-cet.2 axii,116 hlm :bilus ;c18,5 cm a978-979-518-666-3 aind a658.401 a658.4 PER p a813 SIS l 24-8 a.--Jakarta :bRineka Cipta,c2010 2rdacontentateks 2rdamediaatanpa perantara 2rdacarrieravolume 4aManajemen aPUPAD260529 0  aBibliografi, hlm 111-115 a184/Br/KAPD/2011 a186/Br/KAPD/2011 a185/Br/KAPD/2011